Giáo trình anh văn chuyên ngành khoa học môi trường = English for environmental sciences
Giáo trình gồm 14 chương giới thiệu về môi trường và hệ sinh thái, các hiện tượng ô nhiễm nguồn nước, ô nhiễm đất, không khí và cách xử lý, khắc phục.
Сохранить в:
| Главный автор: | |
|---|---|
| Формат: | |
| Язык: | Undetermined |
| Опубликовано: |
Cần Thơ
Đại học Cần Thơ
2019
|
| Предметы: | |
| Метки: |
Добавить метку
Нет меток, Требуется 1-ая метка записи!
|
| Thư viện lưu trữ: | Trung tâm Học liệu Trường Đại học Cần Thơ |
|---|
| LEADER | 01115nam a2200265Ia 4500 | ||
|---|---|---|---|
| 001 | CTU_230463 | ||
| 008 | 210402s9999 xx 000 0 und d | ||
| 020 | |c 70000 | ||
| 082 | |a 428.24024363 | ||
| 082 | |b Tr106 | ||
| 100 | |a Ngô, Thụy Diễm Trang | ||
| 245 | 0 | |a Giáo trình anh văn chuyên ngành khoa học môi trường = | |
| 245 | 0 | |b English for environmental sciences | |
| 245 | 0 | |c Ngô Thụy Diễm Trang, Nguyễn Bửu Huân | |
| 260 | |a Cần Thơ | ||
| 260 | |b Đại học Cần Thơ | ||
| 260 | |c 2019 | ||
| 520 | |a Giáo trình gồm 14 chương giới thiệu về môi trường và hệ sinh thái, các hiện tượng ô nhiễm nguồn nước, ô nhiễm đất, không khí và cách xử lý, khắc phục. | ||
| 526 | |a Anh văn chuyên ngành | ||
| 526 | |b MT618 | ||
| 650 | |a English language,Học tiếng Anh,Enviroment | ||
| 650 | |x Study and teaching,Học và giảng dạy | ||
| 904 | |i Bằng | ||
| 910 | |a Tuyến | ||
| 980 | |a Trung tâm Học liệu Trường Đại học Cần Thơ | ||